AH International Schools' Libraries

Maisy Goes to Hospital / (Record no. 48099)

MARC details
000 -LEADER
fixed length control field 00367nam a22001217a 4500
008 - FIXED-LENGTH DATA ELEMENTS--GENERAL INFORMATION
fixed length control field 241211b |||||||| |||| 00| 0 eng d
020 ## - INTERNATIONAL STANDARD BOOK NUMBER
International Standard Book Number 9781406313260
100 ## - MAIN ENTRY--PERSONAL NAME
Personal name Lucy Cousins (Author)
9 (RLIN) 85865
245 ## - TITLE STATEMENT
Title Maisy Goes to Hospital /
260 ## - PUBLICATION, DISTRIBUTION, ETC. (IMPRINT)
Place of publication, distribution, etc London
Name of publisher, distributor, etc Walker Childrens Paperbacks
Date of publication, distribution, etc 2008
300 ## - PHYSICAL DESCRIPTION
Extent 32 p
Other physical details col. ill.
Dimensions 9.06 x 0.16 x 7.48 inches
942 ## - ADDED ENTRY ELEMENTS (KOHA)
Source of classification or shelving scheme
Koha item type Book
Holdings
Withdrawn status Lost status Source of classification or shelving scheme Damaged status Not for loan Collection code Home library Current library Shelving location Date acquired Full call number Barcode Date last seen Price effective from Koha item type Total Checkouts Checked out Date checked out
          Siem Riep Asian Hope Siem Reap Asian Hope Siem Reap Easy Reading 12/11/2024 E COU 207698 12/11/2024 12/11/2024 Book      
            Logos International School Logos International School   02/24/2025 E COU 040396 04/02/2026 02/24/2025 Book 5 04/10/2026 04/02/2026

For any Logos Library related questions please contact Miss Art at swongnarasuk@asianhope.org.

For any Asian Hope Library related questions please contact Miss Raza at graza@asianhope.org.

Click here to explore our ebooks!

Powered by Koha